000 00443nam a2200181Ia 4500
001 17862
005 20260306171548.0
008 260306s9999||||xx |||||||||||||| ||und||
041 _aESP
082 _a658.3
_bB164 2008
100 _aBohlander, George
_eAUT
245 0 _aAdministración de recursos humanos = Managing Human Resources
260 _c2009
300 _a
_c
650 _aGEN
654 _aCAN
942 _cLIB
_dJUS
_fJUS
_2ddc
_n
999 _c17862
_d17862